Letterboxd's Top 250 Movies (2026) - Statistics

General Stats
  • This quiz has been taken 52 times
  • The average score is 89 of 250
Answer Stats
# Director Movie % Correct
94 David Fincher Se7en
95%
5 Akira Kurosawa Seven Samurai
92%
167 Fritz Lang M
87%
15 Francis Ford Coppola The Godfather
87%
7 Francis Ford Coppola The Godfather Part II
87%
3 Sidney Lumet 12 Angry Men
84%
14 Bong Joon-Ho Parasite
84%
191 Federico Fellini 8 1/2
79%
30 Martin Scorsese Goodfellas
79%
240 Quentin Tarantino Pulp Fiction
79%
24 Christopher Nolan The Dark Knight
79%
99 Quentin Tarantino Inglourious Basterds
76%
38 Christopher Nolan Interstellar
76%
12 Steven Spielberg Schindlers List
76%
35 Hayao Miyazaki Spirited Away
76%
18 Sergio Leone The Good, the Bad and the Ugly
76%
220 Stanley Kubrick 2001, A Space Odyssey
74%
234 Wes Anderson The Grand Budapest Hotel
74%
78 Peter Jackson The Lord of the Rings, The Fellowship of the Ring
74%
40 Francis Ford Coppola Apocalypse Now
71%
131 Quentin Tarantino Django Unchained
71%
11 Peter Jackson The Lord of the Rings, The Return of the King
71%
29 Paul Thomas Anderson There Will be Blood
71%
8 Frank Darabont The Shawshank Redemption
71%
1 Masaki Kobayashi Harakiri
68%
93 Park Chan-Wook Oldboy
68%
147 Alfred Hitchcock Psycho
68%
59 Roman Polanski The Pianist
68%
127 Charlie Chaplin City Lights
63%
97 Alfred Hitchcock Rear Window
63%
130 Charlie Chaplin The Great Dictator
63%
45 Peter Jackson The Lord of the Rings, The Two Towers
63%
48 Damien Chazelle Whiplash
63%
60 Stanley Kubrick Barry Lyndon
61%
4 Elem Klimov Come and See
61%
26 Isao Takahata Grave of the Fireflies
61%
52 Bong Joon-Ho Memories of Murder
61%
75 Sergio Leone Once Upon a Time in the West
61%
17 Akira Kurosawa Ran
61%
63 Andrei Tarkovsky Stalker
61%
65 Spike Lee Do the Right Thing
58%
161 Wes Anderson Fantastic Mr. Fox
58%
16 Akira Kurosawa Ikiru
58%
84 Wong Kar-Wai In the Mood for Love
58%
146 Joel & Ethan Coen No Country for Old Men
58%
33 Stanley Kubrick Paths of Glory
58%
41 Billy Wilder The Apartment
58%
36 Andrei Tarkovsky Andrei Rublev
55%
212 David Lynch Mulholland Drive
55%
42 Billy Wilder Sunset Boulevard
55%
13 Edward Yang Yi Yi
55%
157 Michael Mann Heat
53%
39 Frank Capra It's a Wonderful Life
53%
21 Mathieu Kassovitz La Haine
53%
66 David Lean Lawrence of Arabia
53%
214 Charlie Chaplin Modern Times
53%
95 Milos Forman One Flew Over the Cuckoos Nest
53%
89 Wim Wenders Paris, Texas
53%
122 Martin Scorsese The Departed
53%
2 Masaki Kobayashi The Human Condition III, A Soldiers Prayer
53%
25 Masaki Kobayashi The Human Condition II, Road to Eternity
53%
9 Masaki Kobayashi The Human Condition I, No Greater Love
53%
110 John Carpenter The Thing
53%
221 Ridley Scott Alien
50%
107 Milos Forman Amadeus
50%
160 Roman Polanski Chinatown
50%
19 Giuseppe Tornatore Cinema Paradiso
50%
137 Andrei Tarkovsky Mirror
50%
77 Ingmar Bergman Persona
50%
56 Joaquim Dos SantosJustin K. Thompson Kemp Powers Spiderman, Across the Spider-Verse
50%
68 Bob PersichettiPeter Ramsey Rodney Rothman Spiderman into the Spider-Verse
50%
163 David Lynch The Elephant Man
50%
49 Ingmar Bergman Fanny and Alexander
47%
197 David Fincher Fight Club
47%
6 Akira Kurosawa High and Low
47%
180 Spike Lee Malcolm X
47%
195 Billy Wilder Some Like it Hot
47%
72 Park Chan-Wook The Handmaiden
47%
128 Ingmar Bergman The Seventh Seal
47%
190 Michael Curtiz Casablanca
45%
10 Fernando Meirelles City of God
45%
224 Steven Spielberg Saving Private Ryan
45%
174 James Cameron Terminator 2, Judgement Day
45%
187 Frank Darabont The Green Mile
45%
126 Ingmar Bergman Wild Strawberries
45%
22 Edward Yang A Brighter Summer Day
42%
23 Ingmar Bergman Autumn Sonata
42%
37 Denis Villeneuve Incendies
42%
61 Roberto Benigni Life is Beautiful
42%
73 Hayao Miyazaki Princess Mononoke
42%
79 Bela Tarr Satantango
42%
87 Buster Keaton Sherlock, Jr.
42%
64 Irvin Kershner The Empire Strikes Back
42%
189 Christopher Nolan The Prestige
42%
121 Jonathan Demme The Silence of the Lambs
42%
67 John Cassavetes A Woman Under the Influence
39%
185 Wong Kar-Wai Chungking Express
39%
132 Wolfgang Peterson Das Boot
39%
85 Denis Villeneuve Dune: Part Two
39%
104 Hayao Miyazaki Howl's Moving Castle
39%
230 Fritz Lang Metropolis
39%
80 Satoshi Kon Perfect Blue
39%
133 Denis Villeneuve Prisoners
39%
245 Tarsem Singh The Fall
39%
43 Yasujiro Ozu Tokyo Story
39%
156 Stanley Kubrick Dr. Strangelove (or How I Learned to Stop Worrying and Love the Bomb)
37%
50 Celine Sciamma Portrait of a Lady on Fire
37%
154 Francois Truffaut The 400 Blows
37%
32 Mikhail Kalatozov The Cranes are Flying
37%
136 David Lynch Twin Peaks, Fire Walk with me
37%
173 Vittorio De Sica Bicycle Thieves
34%
151 Sidney Lumet Dog Day Afternoon
34%
226 Daniel Scheinert Daniel Kwan Everything Everywhere All at Once
34%
249 Sergio Leone For a Few Dollars More
34%
88 Gus Van Sant Good Will Hunting
34%
34 Mikhail Kalatozov I am Cuba
34%
51 Paul Schrader Mishima, A Life in Four Chapters
34%
55 Akira Kurosawa Red Beard
34%
31 Gillo Pontecorvo The Battle of Algiers
34%
46 Carl Theodor Dreyer The Passion of Joan of Arc
34%
54 Emeric PressburgerMichael Powell The Red Shoes
34%
170 Andrei Tarkovsky The Sacrifice
34%
116 Bob Fosse All that Jazz
32%
91 Asghar Farhadi A Separation
32%
142 Richard Linklater Before Sunset
32%
158 Alfonso Cuaron Children of Men
32%
53 Abbas Kiarostami Close-Up
32%
194 Kiyoshi Kurosawa Cure
32%
217 Billy Wilder Double Indemnity
32%
177 Hideaki Anno Evangelion: 3.0+1.0 Thrice Upon a Time
32%
202 Federico Fellini La Dolce Vita
32%
27 Hideaki AnnoKazuya Tsurumaki Neon Genesis Evangelion, The End of Evangelion
32%
82 Ingmar Bergman Scenes from a Marriage
32%
113 Stanley DonenGene Kelly Singin' in the Rain
32%
188 Brad Bird The Iron Giant
32%
229 Satoshi Kon Tokyo Godfathers
32%
159 Akira Kurosawa Yojimbo
32%
100 Joseph L. Mankiewicz All About Eve
29%
155 Richard Linklater Before Sunrise
29%
98 Don Hertzfeldt It's Such a Beautiful Day
29%
20 Jacques Becker Le Trou
29%
210 Sidney Lumet Network
29%
148 Wim Wenders Perfect Days
29%
153 Hirokazu Kore-edu Shoplifters
29%
44 Larisa Shepitko The Ascent
29%
250 Martin Scorsese The King of Comedy
29%
150 Wim Wenders Wings of Desire
29%
62 Billy Wilder Witness for the Prosecution
29%
134 David Lean Brief Encounter
26%
115 Peter Weir Dead Poets Society
26%
81 Peter Bogdanovich Paper Moon
26%
232 David Lean The Bridge on the River Kwai
26%
179 Thomas Vinterburg The Hunt
26%
247 Robert Wise The Sound of Music
26%
120 Krzysztof Kieslowski Three Colours, Red
26%
196 Akira Kurosawa Throne of Blood
26%
28 Hiroshi Teshigahara Woman in the Dunes
26%
243 Masaki Kobayashi Kwaidan
24%
124 Hirokazu Kore-eda Monster
24%
182 Andrei Tarkovsky Nostalgia
24%
135 Abbas Kiarostami Taste of Cherry
24%
172 Florian Zeller The Father
24%
215 Charles Laughton The Night of the Hunter
24%
165 John Huston The Treasure of the Sierra Madre
24%
102 Costa-Gavras Z
24%
83 Hu Bo An Elephant Sitting Still
21%
239 Michael Gondry Eternal Sunshine of the Spotless Mind
21%
69 Theo Angelopoulos Eternity and a Day
21%
71 Chen Kaige Farewell my Concubine
21%
205 Chantal Akerman Jeanne Dielman, 23, Quai du Commerce, 1080 Bruxelles
21%
204 Adam Elliot Mary and Max
21%
57 Hirokazu Kore-eda Nobody Knows
21%
139 Satyajit Ray Pather Panchali
21%
47 Kenji Mizoguchi Sansho the Bailiff
21%
101 Jean-Pierre Melville Army of Shadows
18%
119 Walter Salles I'm Still Here
18%
108 Stanley Kramer Judgement at Nuremberg
18%
227 Ken Loach Kes
18%
58 Federico Fellini Nights of Cabiria
18%
70 Matt Johnson Nirvana the Band the Show the Movie
18%
114 Zhang Yimou Raise the Red Lantern
18%
141 Thomas Vinterberg The Celebration
18%
169 Florian Henckel Von Donnersmarck The Lives of Others
18%
213 Isao Takahata The Tale of the Princess Kaguya
18%
149 Bela Tarr Werckmeister Harmonies
18%
86 Abbas Kiarostami Where is the Friend's House?
18%
199 Mike Nichols Who's Afraid of Virginia Woolf?
18%
225 Ingmar Bergman Winter Light
18%
192 Billy Wilder Ace in the Hole
16%
183 Katsuhiro Otomo Akira
16%
233 Otto Preminger Anatomy of a Murder
16%
92 Satyajit Ray Apur Sansar
16%
105 Walter Salles Central Station
16%
96 Theo Angelopoulos Landscape in the Mist
16%
143 Xavier Dolan Mommy
16%
117 Hirokazu Kore-eda Still Walking
16%
223 Alexander Payne The Holdovers
16%
242 Carol Reed The Third Man
16%
74 Kaouther Ben Hania The Voice of Hind Rajab
16%
124 Ernst Lubitsch To Be or Not to Be
16%
209 Emeric PressburgerMichael Powell A Matter of Life and Death
13%
166 Akira Kurosawa Dersu Uzala
13%
193 Sidney Lumet Fail Safe
13%
123 Yasujiro Ozu Late Spring
13%
235 Dean Fleischer Camp Marcel the Shell with Shoes On
13%
109 Carl Theodor Dreyer Ordet
13%
176 Mike Leigh Secrets and Lies
13%
152 Greg Kwedar Sing Sing
13%
231 William Wyler The Best Years of Our Lives
13%
76 Sion Sono Love Exposure
11%
164 John Cassavetes Opening Night
11%
145 Juzo Itami Tampopo
11%
222 Hiroshi Teshigahara The Face of Another
11%
178 John Ford The Man who Shot Liberty Valance
11%
103 Henri-Georges Clouzot The Wages of Fear
11%
140 Jacques Demy The Young Girls of Rochefort
11%
208 Kenji Mizoguchi Ugetsu
11%
144 Emir Kusturica Underground
11%
237 Cristian Mungiu 4 Months, 3 Weeks and 2 Days
8%
111 Robert Bresson A Man Escaped
8%
211 Satyajit Ray Aparajito
8%
118 Ettore Scola A Special Day
8%
168 Marcel Carne Children of Paradise
8%
129 Toshio Matsumoto Funeral Parade of Roses
8%
112 Pat Boonnitipat How to Make Millions Before Grandma Dies
8%
207 Kazuhisa TakenouchiLeji Matsumoto Hirotoshi Rissen Daisuke Nishio Interstella 5555: The 5tory of the 5ecret 5tar 5ystem
8%
175 Michelangelo Antonioni La Notte
8%
186 Abbas Kiarostami Life and Nothing More
8%
238 Jasmila Zbanic Quo Vadis, Aida?
8%
203 Jules Dassin Rififi
8%
200 Hideaki Anno Ritual
8%
206 William Friedkin Sorcerer
8%
236 Alexander Mackendrick Sweet Smell of Success
8%
90 Shinobu Yaguchi Swing Girls
8%
216 Vittorio De Sica Umberto D.
8%
181 Michel Ocelot Azur & Asmar: The Princes' Quest
5%
106 Tatsuya Yoshihara Chainsaw Man, The Movie: Reze Arc
5%
219 Dino Risi Il Sorpasso
5%
218 Kirk Jones I Swear
5%
198 Kiyotaka Oshiyama Look Back
5%
244 Roberto Gavaldon Macario
5%
248 Lee Chang-dong Poetry
5%
171 Yukihiro Miyamoto Puella Magi Madoka Magica the Movie Part III: Rebellion
5%
138 Luchino Visconti Rocco and his Brothers
5%
201 Tomm Moore Song of the Sea
5%
241 Marcell Jankovics Son of the White Mare
5%
162 Juraj Herz The Cremator
5%
228 Takehiko Inoue The First Slam Dunk
5%
246 Juan Jose Campanella The Secret in Their Eyes
5%
184 Ettore Scola We all Loved each so much
3%
No matching quizzes found
Score Distribution
Percent of People with Each Score
Percentile by Number Answered
Your Score History
You have not taken this quiz